Evaluación de la calidad molinera y culinaria de nuevos cultivares de arroz / Maribel Valle Veleros (Registro nro. 22619)
[ vista simple ]
| 000 -LÍDER | |
|---|---|
| fixed length control field | 00525nam a2200133 4500 |
| 008 - ELEMENTOS DE LONGITUD FIJA -- INFORMACIÓN GENERAL | |
| fixed length control field | 0 2008 0a 000 0mex |
| 050 ## - SIGNATURA TOPOGRAFICA DE LA BIBLIOTECA DEL CONGRESO (LC) | |
| Número de Clasificación | TP155 T4 V3 2008 |
| 082 ## - NUMERO DE CLASIFICACION DECIMAL DEWEY | |
| Número de Clasificación | 664.7204 V3e |
| 100 ## - ASIENTO PRINCIPAL--NOMBRE PERSONAL | |
| Nombre personal | Valle Veleros, Maribel |
| 245 ## - TÍTULO | |
| Título | Evaluación de la calidad molinera y culinaria de nuevos cultivares de arroz / Maribel Valle Veleros |
| 300 ## - DESCRIPCIÓN FÍSICA | |
| Extensión | 116 p. / 28 cm. |
| 502 ## - NOTA DE TESIS | |
| Nota de tesis | Tesis. Opción I. I.T.Z. (Bioquímica) Ing. Carlos Felipe Cano Ochoa |
| 650 ## - ASIENTO SECUNDARIO DE MATERIA - TERMINO TEMÁTICO | |
| Término temático o nombre geográfico como elemento de entrada | 1. TECNOLOGIA DE ALIMENTOS 2. CONTROL DE CALIDAD DEL ARROZ |
| No. biblioteca | No. biblioteca | Número de clasificación | Código de barras/Número de adquisición | Número de copia | Tipo de material |
|---|---|---|---|---|---|
| LUIS G. INCLAN | LUIS G. INCLAN | 664.7204 V3e | B044-2008 | 1 | Libros |
